01276 a2200121 4500020001400000020001400014082001100028100001700039245004100056260004300097300002100140520099300161 a393099245 a393099245 a530.141 aFrench, A.P.10aVibrations and waves /cA.P. French. aNew YorkbW. W. Norton & Companyc1971 a327 p. ;c24 cm. aThe M.I.T. Introductory Physics Series is the result of a program of careful study, planning, and development that began in 1960. The Education Research Center at the Massachusetts Institute of Technology (formerly the Science Teaching Center) was established to study the process of instruction, aids thereto, and the learning process itself, with special reference to science teaching at the university level. Generous support from a number of foundations provided the means for assembling and maintaining an experienced staff to co-operate with members of the Institute's Physics Department in the examination, improvement, and development of physics curriculum materials for students planning careers in the sciences. After careful analysis of objectives and the problems involved, preliminary versions of textbooks were prepared, tested through classroom use at M.I.T. and other institutions, re-evaluated, rewritten, and tried again. Only then were the final manuscripts undertaken.